书目信息 |
| 题名: |
欧洲近代早期的大众文化
|
|
| 作者: | 伯克 著 ;杨豫 译 | |
| 分册: | ||
| 出版信息: | 上海 上海人民出版社 2005 |
|
| 页数: | 13,430页 | |
| 开本: | 21cm | |
| 丛书名: | 社会与历史译丛 | |
| 单 册: | ||
| 中图分类: | K504 | |
| 科图分类: | ||
| 主题词: | 文化史--欧洲--1500~1800 , 文化史 | |
| 电子资源: | ||
| ISBN: | 7-208-05817-2 | |
| 000 | 01194oam2 2200301 450 | |
| 001 | 1234375090 | |
| 005 | 20121007093339.40 | |
| 010 | @a7-208-05817-2@dCNY36.00 | |
| 100 | @a20060104d2005 em y0chiy50 ea | |
| 101 | 1 | @achi@ceng |
| 102 | @aCN@b310000 | |
| 105 | @aa z 001yy | |
| 200 | 1 | @a欧洲近代早期的大众文化@Aou zhou jin dai zao qi de da zhong wen hua@f(英)彼得·伯克(Peter Burke)著@g杨豫[等]译 |
| 210 | @a上海@c上海人民出版社@d2005 | |
| 215 | @a13,430页@c图@d21cm | |
| 225 | 2 | @a社会与历史译丛 |
| 305 | @a中文版译自Ashgate Publishing Limited, 1999.年版 | |
| 312 | @a英文原名:Popular culture in early modern Europe | |
| 330 | @a本书描述的是欧洲1500至1800年的精英文化和大众文化还没有形成后来的那种对立,在某种意义上,精英在独享精英文化的同时也分享着大众文化。涵盖的空间西起爱尔兰的戈尔韦城,东到乌拉尔山脉,北及挪威,南达西西里。 | |
| 461 | 0 | @12001 @a社会与历史译丛 |
| 510 | 1 | @aPopular culture in early modern Europe@zeng |
| 606 | 0 | @a文化史@y欧洲@z1500~1800 |
| 606 | 0 | @a文化史 |
| 690 | @aK504@v4 | |
| 701 | 0 | @c(英)@a伯克@Abo ke@c(Burke, Peter@f1937~)@4著 |
| 702 | 0 | @a杨豫@Ayang yu@f(1944~)@4译 |
| 801 | 0 | @aCN@bNLC@c20101222 |
| 905 | @a10447@dK504@eJY18 | |
| 欧洲近代早期的大众文化/(英)彼得·伯克(Peter Burke)著/杨豫[等]译.-上海:上海人民出版社,2005 |
| 13,430页:图;21cm.-(社会与历史译丛) |
| ISBN 7-208-05817-2:CNY36.00 |
| 本书描述的是欧洲1500至1800年的精英文化和大众文化还没有形成后来的那种对立,在某种意义上,精英在独享精英文化的同时也分享着大众文化。涵盖的空间西起爱尔兰的戈尔韦城,东到乌拉尔山脉,北及挪威,南达西西里。 |
| ● |
| 相关链接 |
|
|
|
|
正题名:欧洲近代早期的大众文化
索取号:K504/JY18
 
预约/预借
| 序号 | 登录号 | 条形码 | 馆藏地/架位号 | 状态 | 备注 |
| 1 | 7832302 | 278323020 | 学院路分馆/ [索取号:K504/JY18] | 在馆 | |
| 2 | 7832303 | 278323039 | 学院路分馆/ [索取号:K504/JY18] | 在馆 |